000 00572nam a22002177a 4500
003 UA-OsUOA
001 95058
007 ta
008 20130225b un ||||| |||| 00| 0 ukr d
100 _aДанильченко А.
090 _a821.161.1
_bД18
942 _cBK
040 _aUA-OsUOA
_cUA-OsUOA
_dUA-OsUOA
245 _aМетелица
_bроман
300 _a493 с.
955 _a3
080 _a821.161.1
260 _aМ.
_bСовременник
_c1988
650 7 _a82 Література. Літературознавство
_2UDC
999 _c381302
_d381302